000 00562nam a2200205Ia 4500
005 20250923145928.0
008 008 250917s9999 xx 000 0 eng d
037 _aTextual
040 _aDSWL
_beng
_cDSWL
041 _aeng
_2eng
084 _aY73(Q2)435, N95
_qDSWL
100 _aMearns, D.J.
_9840399
245 0 _aShivas other children
_c by D.J. Mearns
260 _aNew Delhi
_bSage, New Age
_c1995
300 _a300p.
365 _aINR
_b395.00
925 _g395.00
942 _cTEXL
_hY73(Q2)435, N95
999 _c1457473
_d1457473